000 00495nam a2200181Ia 4500
003 GCL
008 140319s9999 xx 000 0 ara d
040 _aGCL /
_cGCL
082 0 4 _a810.8014
_bف ح
100 1 _aفؤاد شاكر
245 1 0 _aالحب والاحباب /
_cفؤاد شاكر
260 _a[S.N] :
_bدار الجيل ،
_c1987
300 _a143 ص
490 _a
650 0 4 _aالادب العربى
650 0 4 _aالادب العربى العاطفى
942 _2ddc
_cBK
999 _c55940
_d55940